<?xml version="1.0" encoding="UTF-8"?>
<record
    xmlns:xsi="http://www.w3.org/2001/XMLSchema-instance"
    xsi:schemaLocation="http://www.loc.gov/MARC21/slim http://www.loc.gov/standards/marcxml/schema/MARC21slim.xsd"
    xmlns="http://www.loc.gov/MARC21/slim">

  <leader>00636nam a22001937a 4500</leader>
  <controlfield tag="001">85736</controlfield>
  <controlfield tag="003">BD-RjUL</controlfield>
  <controlfield tag="005">20250918094934.0</controlfield>
  <controlfield tag="008">250918s1943    pk ||||| |||| 00| p eng d</controlfield>
  <datafield tag="035" ind1=" " ind2=" ">
    <subfield code="a">(BD-RjUL)85736</subfield>
  </datafield>
  <datafield tag="040" ind1=" " ind2=" ">
    <subfield code="a">BD-RjUL</subfield>
    <subfield code="b">eng</subfield>
    <subfield code="c">BD-RjUL</subfield>
  </datafield>
  <datafield tag="041" ind1=" " ind2=" ">
    <subfield code="a">urd</subfield>
  </datafield>
  <datafield tag="082" ind1=" " ind2=" ">
    <subfield code="2">23</subfield>
    <subfield code="a">891.4391</subfield>
    <subfield code="b">MAN 1943</subfield>
  </datafield>
  <datafield tag="100" ind1=" " ind2=" ">
    <subfield code="a">&#x200F;(&#x645;&#x644;&#x64A;&#x62D;&#x200C;&#x622;&#x628;&#x627;&#x62F;&#x649;)., &#x200F;&#x62C;&#x648;&#x634; &#x200F; Mal&#x12B;&#x1E25;&#x101;b&#x101;d&#x12B;)., Josh</subfield>
    <subfield code="d">1898-1982</subfield>
    <subfield code="9">16931</subfield>
  </datafield>
  <datafield tag="245" ind1=" " ind2=" ">
    <subfield code="a">&#x646;&#x642;&#x634; &#x648; &#x646;&#x6AF;&#x627;&#x631; / Naqsh o nig&#x101;r /</subfield>
    <subfield code="c">&#x200F; &#x200F;&#x62C;&#x648;&#x634; &#x645;&#x644;&#x64A;&#x62D;&#x200C;&#x622;&#x628;&#x627;&#x62F;&#x649;&#x60C;&#x200F; , / Josh (Mal&#x12B;&#x1E25;&#x101;b&#x101;d&#x12B;).</subfield>
  </datafield>
  <datafield tag="260" ind1=" " ind2=" ">
    <subfield code="a">Lahore : </subfield>
    <subfield code="b">maktuba i urdu ,</subfield>
    <subfield code="c">1943</subfield>
  </datafield>
  <datafield tag="300" ind1=" " ind2=" ">
    <subfield code="a">175 p. ;</subfield>
    <subfield code="c">17 cm</subfield>
  </datafield>
  <datafield tag="942" ind1=" " ind2=" ">
    <subfield code="2">ddc</subfield>
    <subfield code="c">BK</subfield>
  </datafield>
  <datafield tag="999" ind1=" " ind2=" ">
    <subfield code="c">85736</subfield>
    <subfield code="d">85736</subfield>
  </datafield>
  <datafield tag="952" ind1=" " ind2=" ">
    <subfield code="0">0</subfield>
    <subfield code="1">0</subfield>
    <subfield code="2">ddc</subfield>
    <subfield code="4">0</subfield>
    <subfield code="7">1</subfield>
    <subfield code="8">NFIC</subfield>
    <subfield code="a">RUCL</subfield>
    <subfield code="b">RUCL</subfield>
    <subfield code="c">Reading</subfield>
    <subfield code="d">2025-09-18</subfield>
    <subfield code="l">0</subfield>
    <subfield code="o">U 891.4391 MAN 1943</subfield>
    <subfield code="r">2025-09-18 00:00:00</subfield>
    <subfield code="t">C-1</subfield>
    <subfield code="w">2025-09-18</subfield>
    <subfield code="y">BK</subfield>
  </datafield>
</record>
